000 00298nam a2200097Ia 4500
082 _a613.7176 BARO
245 0 _aWalking for fitness : the low-impact workout that tones and shapes
100 _a BAROUGH, Nina London, 2003
_993028
942 _cBK
008 210817s9999 xx 000 0 und d
999 _c379854
_d379851